| 000 | 00732nam a2200229Ia 4500 | ||
|---|---|---|---|
| 020 | _a9789251055953 | ||
| 020 | _a9251055955 | ||
| 040 | _cOSU | ||
| 082 | _a639 FOO 2007 A091 Or. | ||
| 100 | 1 | _aSarkis, Samia | |
| 245 | 1 | 0 | _aInstallation and operation of a modular bivalve hatchery / |
| 260 |
_aRome : _bFood and Agriculture Organization of the United Nations, _c2007 |
||
| 300 |
_axxiv, 170 p. : _bill. (some col.) ; _c30 cm + _e1 computer optical disc (4 3/4 in.) |
||
| 650 | 0 | _aShellfish fisheries | |
| 650 | 0 | _aMollusk culture | |
| 650 | 0 | _aFisheries | |
| 650 | 0 | _aMollusks | |
| 650 | 0 | _aBivalves | |
| 700 | 1 | _aLovatelli, Alessandro | |
| 710 | 2 | _aFood and Agriculture Organization of the United Nations | |
| 942 | _cEK | ||
| 999 |
_c15693 _d15693 |
||